header

Practical radio resource management in wireless systems (Record no. 156880)

MARC details
000 -LEADER
fixed length control field 01567nam a2200373Ia 4500
100 1# - MAIN ENTRY--AUTHOR NAME
Personal name Kyriazakos, Sofoklis A.,
245 10 - TITLE STATEMENT
Title Practical radio resource management in wireless systems
260 ## - PUBLICATION, DISTRIBUTION, ETC. (IMPRINT)
Place of publication Boston :
Name of publisher Artech House,
Year of publication c2004.
300 ## - PHYSICAL DESCRIPTION
Number of Pages xi, 242 p. :
Other physical details ill.
490 1# - SERIES STATEMENT
Series statement Artech House universal personal communications series
650 #0 - SUBJECT ADDED ENTRY--TOPICAL TERM
Topical Term Telecommunication
Topical Term Personal communication service systems.
Topical Term Radio frequency allocation
Topical Term Mobile communication systems.
Topical Term Wireless communication systems.
700 1# - ADDED ENTRY--PERSONAL NAME
Personal name Karetsos, George T.,
856 40 - ELECTRONIC LOCATION AND ACCESS
Uniform Resource Identifier http://site.ebrary.com/lib/rucke/Doc?id=10081961

No items available.

© 2026 Rongo University
Contact us: librarian | system librarian | Rongo university